| 000 | 00622cam a2200253 4500 | ||
|---|---|---|---|
| 008 | 090401t2000 xxu||||| |||| 00| 0 eng d | ||
| 020 | _a1860122922 | ||
| 035 | _a(Sirsi) u98299 | ||
| 041 | _aeng | ||
| 050 | _a336.243 | ||
| 100 | _aHomer, Arnold | ||
| 245 | _aTolley's partnership taxation. | ||
| 250 | _a4th ed. | ||
| 260 |
_aCroydon _bTolley Publishing Company Limited _c2000 |
||
| 300 | _axx, 334p. ; 24cm. | ||
| 350 | _a51.95 | ||
| 650 | _aPARTNERSHIPS | ||
| 650 | _aSELF-ASSESSMENT | ||
| 690 | _aTAXATION | ||
| 700 | _aBurrows, Rita | ||
| 700 | _aDeeks, Sarah | ||
| 942 | _n0 | ||
| 948 | _c17/03/1997 | ||
| 999 |
_c99152 _d99152 |
||